Online Catalogue and eLibrary

W.A. Silvageaprakata keti nirmana saha sannivedana satahan (Record no. 1278)

MARC details
000 -LEADER
fixed length control field 00462nam a2200157Ia 4500
005 - DATE AND TIME OF LATEST TRANSACTION
control field 20250526024354.0
008 - FIXED-LENGTH DATA ELEMENTS--GENERAL INFORMATION
fixed length control field 240331s9999 xx 000 0 und d
020 ## - INTERNATIONAL STANDARD BOOK NUMBER
ISBN 9552008395
082 ## - DDC Classification
Class No. 302.232
Item Number - Author Mark MAH
100 ## - MAIN ENTRY--PERSONAL NAME
Personal name Mahendra, S
245 #0 - TITLE STATEMENT
Title W.A. Silvageaprakata keti nirmana saha sannivedana satahan
260 ## - PUBLICATION, DISTRIBUTION, ETC.
Place of publication, distribution, etc. Colombo
Name of publisher, distributor, etc. S. Godake & Brothers
Date of publication, distribution, etc. 1992
300 ## - PHYSICAL DESCRIPTION
Extent (e.g. Volumes, Pages etc.) 96 p .,
500 ## - GENERAL NOTE
General note Rare short creations and communication nots of W.A. silva
942 ## - Koha item type (Biblio)
Koha item type Books in Stacks (Lending)
Holdings
Lost status Damaged status Collection code Home library Current library Shelving location Date acquired Full call number Accession Number Item type
    Lending WERC Library WERC Library Social Science Cupboard 03/31/2024 302.232 MAH 3049 Books in Stacks (Lending)

© WERC Library